| 000 | 00749nam a2200241 a 4500 | ||
|---|---|---|---|
| 001 | 000037846 | ||
| 005 | 20250219074027.0 | ||
| 008 | 100818s2008 dr 000 p spa d | ||
| 040 |
_aDO-SdBNP _bspa _cBNPHU |
||
| 082 |
_a883 _bH766i, 2008 |
||
| 100 | 1 |
_aHomero _938113 |
|
| 245 | 1 | 3 |
_aLa Ilíada / _cHomero ; edición Isael Pérez, Hernan Mella Chavier. |
| 260 |
_aMéxico : _bSantuario, _c2008. |
||
| 300 |
_a89 p. ; _c22 cm. |
||
| 490 | 1 | _aSantuario | |
| 590 | _aInventariado, 2019/BT | ||
| 650 | 4 |
_aPoesía épica griega _927065 |
|
| 650 | 4 |
_aLiteratura griega _92386 |
|
| 700 | 1 | 2 |
_aPérez, Isael, _d1961- _eed. _91414 |
| 700 | 1 | 2 |
_aMella Chavier, Hernan _eed. _964296 |
| 830 | 0 |
_aSantuario _91539 |
|
| 910 | _aValidado. Control de calidad MFF | ||
| 999 |
_c37336 _d37336 |
||